000 00463nam a2200181Ia 4500
001 18476
005 20260306171633.0
008 260306s9999||||xx |||||||||||||| ||und||
041 _aESP
082 _a658.406
_bD35
100 _aCossio de Vivanco, José Luis de
_eAUT
245 0 _aAnálisis e interpretación de crisis empresariales
260 _c2000
300 _a223 páginas :
_c21 cm.
650 _aGEN
654 _aCAN
942 _cLIB
_dJUS
_fJUS
_2ddc
_n
999 _c18476
_d18476